000 01176naa a2200313 c 4500
001 41388
003 ES-MaCES
005 20110308142300.0
008 110308n2010 sp t 000 | spa d
035 _aCES20110002800v
040 _aES-MaCES
_bspa
_cES-MaCES
100 1 _aSánchez Trigueros, Carmen
_923349
245 1 0 _aDistintivo empresarial en materia de igualdad
_cCarmen Sánchez Trigueros, Ana Isabel Pérez Campos
650 4 _aprocedimiento administrativo
_930919
650 4 _alegislación del trabajo
_927166
650 4 _ainserción profesional
_929942
650 4 _ametodología
_928842
650 4 _aselección
_930039
650 4 _aigualdad de oportunidades en el empleo
_930649
650 4 _aplanificación en función del género
_930645
650 4 _acontratación
_928323
650 4 _apolítica de personal
_929817
653 1 0 _aJurisprudencia
700 1 _aPérez Campos, Ana Isabel
_920729
773 0 _tRevista española de Derecho del trabajo
_gn. 148 (oct.-dic. 2010){10040 R. 078066}; p. 845-871
_w(ES-MaCES)25060
_932391
902 _aART Artículo de revista
942 _2CES
_cAR
_h6.2.
999 _c41388
_d41388